Finnish players with most matches in Premier League since 2000 - Statistics

General Stats
  • This quiz has been taken 16 times
  • The average score is 3 of 5
Answer Stats
Matches Player % Correct
318 Sami Hyypiä
100%
436 Jussi Jääskeläinen
73%
126 Mikael Forssell
60%
143 Antti Niemi
40%
147 Jonatan Johansson
27%
No matching quizzes found
Score Distribution
Percent of People with Each Score
Percentile by Number Answered
Your Score History
You have not taken this quiz